Statistics for Homonyms Quiz #1

Click here to take the quiz!

General Stats

  • This quiz has been taken 76,390 times
    (60,018 since last reset)
  • The average score is 12 of 20

Answer Stats

Meaning #1Meaning #2Answer% Correct
Piece of
superhero attire
Point of land that juts
into the sea
Cape
87%
Strike with the fistFruit juice beveragePunch
85%
Spherical objectFormal danceBall
78%
Place for straysUnit of weightPound
78%
Legal arenaTo romanceCourt
76%
Type of footwearTrunk of a car in BritainBoot
75%
Type of bird
High-ranking Catholic
official
Cardinal
75%
Social gatheringPolitical groupParty
75%
Dark red colorTo abandon on a
deserted island
Maroon
74%
To recordAdhesive materialTape
70%
Seaman's leftType of fortified winePort
69%
ElementaryHaving a high pHBasic
61%
An addictionNun's clothingHabit
57%
Boat maneuvered
using a pole
American football kickPunt
51%
NiftyWithout iceNeat
47%
PersonnelWizard accessoryStaff
47%
Type of pokerMale breeding animalStud
46%
Type of fishDiving positionPike
26%
Piece of sports
equipment
Fraudulent schemeRacket
21%
Half of a
whale's tail
Improbable occurrenceFluke
20%

Score Distribution

Percentile by Number Answered

Percent of People with Each Score

Your Score History

You have not taken this quiz since the last reset